000 00472nam a2200193Ia 4500
008 101110s9999 xx 000 0 und d
041 _aENGLISH
082 _bSR23008
100 _aArora P.N.
245 _aC.A.Foundation Course Statistics
365 _b165
520 _aCommerce
546 _aENGLISH
630 _aC.A.Foundation Course Statistics
650 _aCommerce
655 _aCommerce
730 _aC.A.Foundation Course Statistics
942 _cBOOK
999 _c815736
_d815733